000 00674nam a22001817a 4500
003 AUA.1
005 20251029104012.0
008 250630b |||||||| |||| 00| 0 eng d
040 _cJTL
100 _aRanala, Isaac Andriamaniry Zakambololona
245 _aA strategic program to counter the impact of globalization on young people in Mangarano Church District, Madagascar /
_cIsaac Andriamaniry Zakambololona Ranala
260 _cc2022
300 _aviii, 77 leaves :
_bIllustrations :
_c30cm
610 _aMangarano Church District, Madagascar
650 _aGlobalization
650 _aChurch work with youth
942 _2aua
_cPROJECT
_hMA PTh
_i.R36 2022
999 _c25112
_d25112